[Event "Asia-ch U20 Girls"]
[Site "Waskaduwa"]
[Date "2025.06.29"]
[Round "4"]
[White "Mrittika, Mallick"]
[Black "Tejaswini, G."]
[Result "0-1"]
[WhiteElo "2054"]
[BlackElo "2307"]
[PlyCount "114"]
[EventDate "2025.06.27"]
[EventType "swiss"]
[EventRounds "9"]
[EventCountry "SRI"]
[SourceTitle "CB28_2025"]
[SourceDate "2025.07.09"]
[SourceVersion "1"]
[SourceVersionDate "2025.07.09"]
[SourceQuality "1"]

1. e4 c5 2. Nf3 d6 3. Bb5+ Nd7 4. c3 Ngf6 5. Qe2 a6 6. Ba4 b5 7. Bc2 Bb7 8. d4 e6 9. 0-0 Be7 10. Re1 Qc7 11. a4 0-0 12. Bd3 Rfc8 13. Nbd2 c4 14. Bc2 e5 15. d5 Bf8 16. Nf1 g6 17. Ng3 Bg7 18. h3 Nc5 19. Be3 Nfd7 20. a5 Rf8 21. Qd2 Qd8 22. Bh6 Bxh6 23. Qxh6 Qf6 24. Nh4 Kh8 25. Re3 Qf4 26. Nhf5 Qxh6 27. Nxh6 Kg7 28. Ng4 Bxd5 29. Rd1 Be6 30. Rxd6 Nb7 31. Rd1 h5 32. Nh2 Ndc5 33. Nf3 f6 34. Ne2 Nxa5 35. Nh4 Rfd8 36. Rd5 Nd3 37. b4 Bxd5 38. exd5 Nb7 39. Bxd3 cxd3 40. Rxd3 Kf7 41. g4 hxg4 42. hxg4 Nd6 43. Ng2 Nc4 44. Ng3 Nb2 45. Rf3 Rxd5 46. Ne3 Rd3 47. Ne4 Kg7 48. Rxf6 Nd1 49. Rf3 Nxe3 50. Rxe3 Rxe3 51. fxe3 Rc8 52. Kf2 Rc4 53. Kf3 Kh6 54. Nc5 a5 55. g5+ Kh5 56. Nd7 a4 57. Nxe5 a3 0-1

[Event "Asia-ch U20 Girls"]
[Site "Waskaduwa"]
[Date "2025.06.27"]
[Round "1"]
[White "Tejaswini, G."]
[Black "Amarasinghe, Umayangi Dilhara"]
[Result "1-0"]
[WhiteElo "2307"]
[BlackElo "1549"]
[PlyCount "123"]
[EventDate "2025.06.27"]
[EventType "swiss"]
[EventRounds "9"]
[EventCountry "SRI"]
[SourceTitle "CB28_2025"]
[SourceDate "2025.07.09"]
[SourceVersion "1"]
[SourceVersionDate "2025.07.09"]
[SourceQuality "1"]

1. d4 c5 2. d5 Nf6 3. c4 e6 4. Nc3 exd5 5. cxd5 d6 6. Nf3 g6 7. Bf4 a6 8. a4 Bg7 9. h3 0-0 10. e3 Qb6 11. Qc1 Re8 12. a5 Qc7 13. Nd2 Nbd7 14. Nc4 Bf8 15. Bg5 Ne4 16. Nxe4 Rxe4 17. Be2 b5 18. axb6 Nxb6 19. Na5 Re8 20. Bf3 Bd7 21. 0-0 Bb5 22. Rd1 Na4 23. Nc6 Bg7 24. Rd2 Nb6 25. Rc2 Nd7 26. Bf4 Bd3 27. Rd2 Be4 28. Bxe4 Rxe4 29. Qc2 Ree8 30. Ra2 Bf8 31. Ra3 Rec8 32. Rc3 Qb6 33. Rb3 Qc7 34. Rc3 Qb6 35. Qe4 Nf6 36. Ne7+ Bxe7 37. Qxe7 Ne8 38. h4 Ra7 39. Qg5 Qc7 40. h5 Qe7 41. Qg4 Rb8 42. h6 Nf6 43. Qh4 Ne4 44. Qxe7 Rxe7 45. Rdc2 Nxc3 46. Bxd6 Rc8 47. Bxe7 Nxd5 48. Bxc5 Nf6 49. b4 Ng4 50. Ra2 Nxh6 51. Rxa6 Nf5 52. e4 Ng7 53. Be3 Ne6 54. b5 Rb8 55. b6 Kg7 56. f4 Kf6 57. g4 Kg7 58. g5 Rb7 59. f5 gxf5 60. exf5 Nf8 61. Bd4+ Kg8 62. Ra8 1-0

[Event "Maharashtra op 3rd"]
[Site "Hadapsar"]
[Date "2025.04.26"]
[Round "8"]
[White "Tejaswini, G."]
[Black "Aakash Sharadchandra, Dalvi"]
[Result "1/2-1/2"]
[WhiteElo "2272"]
[BlackElo "2366"]
[PlyCount "130"]
[EventDate "2025.04.20"]
[EventType "swiss"]
[EventRounds "10"]
[EventCountry "IND"]
[SourceTitle "CB18_2025"]
[SourceDate "2025.04.30"]
[SourceVersion "1"]
[SourceVersionDate "2025.04.30"]
[SourceQuality "1"]

1. d4 d5 2. c4 e6 3. Nf3 Nf6 4. Nc3 Bb4 5. Qa4+ Nc6 6. e3 0-0 7. Qc2 Na5 8. c5 b6 9. a3 Bxc3+ 10. Qxc3 Ne4 11. Qc2 bxc5 12. b4 cxb4 13. axb4 Nb7 14. Bd3 Bd7 15. Ne5 h6 16. 0-0 Nbd6 17. Ra5 Be8 18. f3 Nf6 19. Bd2 Qb8 20. Rc1 Bb5 21. Bxb5 Nxb5 22. Qc6 a6 23. Rxa6 Rxa6 24. Qxa6 Qb6 25. Rc6 Qxa6 26. Rxa6 Rb8 27. Nc6 Rb6 28. Ra8+ Kh7 29. Ne5 Nd6 30. Kf2 g5 31. Ke2 Kg7 32. g4 Ng8 33. Be1 Ne7 34. Nd7 Rb5 35. Ra7 Ne8 36. Ra8 Nf6 37. Ne5 Rb7 38. Nd3 Nd7 39. Bg3 Nb6 40. Re8 Ng6 41. f4 Kf6 42. fxg5+ hxg5 43. Kf3 Ra7 44. Ne5 Nc4 45. Nxc4 dxc4 46. Rc8 Rb7 47. Bxc7 Nh4+ 48. Ke2 Rxb4 49. Bd8+ Kg6 50. Ba5 Ra4 51. Bd2 Kf6 52. Rc5 Ng6 53. Ra5 Rxa5 54. Bxa5 Ke7 55. Kd2 f5 56. gxf5 exf5 57. Kc3 Nh4 58. Kxc4 Kd7 59. Be1 Nf3 60. Bg3 Kc6 61. d5+ Kd7 62. Kd3 Ke7 63. Ke2 Ng1+ 64. Kd3 Nf3 65. Ke2 Ng1+ 1/2-1/2

[Event "Maharashtra op 3rd"]
[Site "Hadapsar"]
[Date "2025.04.25"]
[Round "7"]
[White "Fedorov, Alexei"]
[Black "Tejaswini, G."]
[Result "1/2-1/2"]
[WhiteElo "2396"]
[BlackElo "2272"]
[PlyCount "80"]
[EventDate "2025.04.20"]
[EventType "swiss"]
[EventRounds "10"]
[EventCountry "IND"]
[SourceTitle "CB18_2025"]
[SourceDate "2025.04.30"]
[SourceVersion "1"]
[SourceVersionDate "2025.04.30"]
[SourceQuality "1"]

1. e4 c5 2. Nf3 d6 3. d4 cxd4 4. Nxd4 Nf6 5. Nc3 a6 6. Nb3 Nc6 7. Be3 e6 8. f4 Be7 9. Qf3 Qc7 10. g4 g5 11. fxg5 Ne5 12. Qg2 Nfxg4 13. Bd2 Rg8 14. Be2 Bxg5 15. Bxg5 Ne3 16. Qg3 Nxc2+ 17. Kd1 Nxa1 18. Bd8 Rxg3 19. Bxc7 Rxc3 20. bxc3 Kd7 21. Bb6 Nxb3 22. axb3 Kc6 23. Bd4 Ng6 24. Rf1 e5 25. Be3 Be6 26. Bc4 Kd7 27. Bxe6+ Kxe6 28. Bg5 h6 29. Bxh6 Rh8 30. Bg5 Nf4 31. Bxf4 exf4 32. Rxf4 Rxh2 33. c4 Rb2 34. Rf3 Ke5 35. Rxf7 Rxb3 36. Kc2 Rb6 37. Kd3 Rb3+ 38. Kc2 Rh3 39. Rxb7 Kxe4 40. Rb6 Kd4 1/2-1/2

[Event "Titled Tuesday intern op 04th Mar Early"]
[Site "Chess.com INT"]
[Date "2025.03.04"]
[Round "5"]
[White "Tejaswini, G."]
[Black "Aradhya, Garg"]
[Result "0-1"]
[WhiteElo "2272"]
[BlackElo "2359"]
[PlyCount "88"]
[EventDate "2025.03.04"]
[EventType "swiss (blitz)"]
[EventRounds "11"]
[EventCountry "USA"]
[SourceTitle "CB11_2025"]
[SourceDate "2025.03.12"]
[SourceVersion "1"]
[SourceVersionDate "2025.03.12"]
[SourceQuality "1"]

1. d4 d5 2. c4 c6 3. Nc3 Nf6 4. e3 Bf5 5. Nf3 e6 6. cxd5 exd5 7. Bd3 Bxd3 8. Qxd3 Bb4 9. 0-0 0-0 10. a3 Bd6 11. b4 Re8 12. Bb2 a6 13. Na4 Ne4 14. Nc5 Qc7 15. Qc2 Nd7 16. Nxd7 Qxd7 17. Ne5 Qc7 18. f3 Nf6 19. Rac1 Re6 20. Qb3 Rae8 21. a4 Nd7 22. f4 Nf6 23. b5 axb5 24. axb5 Qb6 25. Rb1 Ne4 26. Bc1 f6 27. Nf3 R6e7 28. bxc6 Qxb3 29. Rxb3 bxc6 30. Ba3 Ra7 31. Bxd6 Nxd6 32. Rb6 Rc7 33. Re1 Nc4 34. Rb3 Ra7 35. h3 Ra2 36. Kf1 h5 37. Re2 Ra1+ 38. Kf2 Nd6 39. Nd2 Rd1 40. Rc3 Rxd2 41. Rxd2 Ne4+ 42. Ke2 Nxc3+ 43. Kd3 Ne4 44. Rc2 Rc8 0-1

[Event "Titled Tuesday intern op 04th Mar Early"]
[Site "Chess.com INT"]
[Date "2025.03.04"]
[Round "10"]
[White "Tejaswini, G."]
[Black "Campelo, Leandro Fabricio"]
[Result "1-0"]
[WhiteElo "2272"]
[BlackElo "2114"]
[PlyCount "37"]
[EventDate "2025.03.04"]
[EventType "swiss (blitz)"]
[EventRounds "11"]
[EventCountry "USA"]
[SourceTitle "CB11_2025"]
[SourceDate "2025.03.12"]
[SourceVersion "1"]
[SourceVersionDate "2025.03.12"]
[SourceQuality "1"]

1. d4 d5 2. c4 dxc4 3. e3 Nf6 4. Bxc4 e6 5. Nc3 c5 6. Nf3 Be7 7. 0-0 0-0 8. Qe2 a6 9. a4 Nc6 10. Rd1 cxd4 11. exd4 b6 12. d5 exd5 13. Nxd5 Nxd5 14. Bxd5 Qc7 15. Bxc6 Qxc6 16. Qxe7 Re8 17. Qg5 Be6 18. Be3 Qc2 19. Bd4 1-0

[Event "Titled Tuesday intern op 25th Feb Early"]
[Site "Chess.com INT"]
[Date "2025.02.25"]
[Round "7"]
[White "Tejaswini, G."]
[Black "Bonaveri, Agustin"]
[Result "1-0"]
[WhiteElo "2272"]
[BlackElo "2367"]
[PlyCount "95"]
[EventDate "2025.02.25"]
[EventType "swiss (blitz)"]
[EventRounds "11"]
[EventCountry "USA"]
[SourceTitle "CB10_2025"]
[SourceDate "2025.03.05"]
[SourceVersion "1"]
[SourceVersionDate "2025.03.05"]
[SourceQuality "1"]

1. d4 d5 2. c4 e6 3. cxd5 exd5 4. Nc3 c6 5. Nf3 Bd6 6. Bg5 Qb6 7. Qd2 Bf5 8. e3 Nd7 9. Be2 Ngf6 10. 0-0 Ne4 11. Nxe4 dxe4 12. Nh4 Bg6 13. f3 Qc7 14. Bf4 exf3 15. Bxd6 Qxd6 16. Nxf3 0-0 17. Bd3 Nf6 18. Bxg6 hxg6 19. Qd3 Rfe8 20. Rad1 Re7 21. Ne5 Rae8 22. Qb3 Qd5 23. Qc2 Nd7 24. Nxd7 Rxd7 25. Rf3 Re4 26. Rdf1 Rde7 27. Qc3 Qxa2 28. b3 Qe2 29. Re1 Qb5 30. Ref1 Qd5 31. h3 f5 32. b4 Qe6 33. Kf2 Qd5 34. Ra1 a6 35. Ra5 Qe6 36. Rc5 Rf7 37. Qd2 g5 38. d5 cxd5 39. Rxd5 f4 40. Rd8+ Kh7 41. Qd3 g6 42. Rd5 fxe3+ 43. Ke2 Rxf3 44. gxf3 Rxb4 45. Rd7+ Kh6 46. Rd6 Rb2+ 47. Ke1 Qxh3 48. Qxg6# 1-0

[Event "Titled Tuesday intern op 25th Feb Early"]
[Site "Chess.com INT"]
[Date "2025.02.25"]
[Round "11"]
[White "Tejaswini, G."]
[Black "Ocampos, Ian Guido"]
[Result "1-0"]
[WhiteElo "2272"]
[BlackElo "2219"]
[PlyCount "75"]
[EventDate "2025.02.25"]
[EventType "swiss (blitz)"]
[EventRounds "11"]
[EventCountry "USA"]
[SourceTitle "CB10_2025"]
[SourceDate "2025.03.05"]
[SourceVersion "1"]
[SourceVersionDate "2025.03.05"]
[SourceQuality "1"]

1. d4 Nf6 2. c4 c5 3. d5 e5 4. Nc3 d6 5. e4 Nbd7 6. Be2 Be7 7. Be3 Nf8 8. Qd2 Ng6 9. h3 h6 10. Nf3 Nh7 11. 0-0 Ng5 12. Nh2 Bf6 13. Rab1 b6 14. b4 Bd7 15. bxc5 bxc5 16. Rb7 Qc8 17. Rfb1 Nf4 18. Bg4 Bxg4 19. Bxf4 Bxh3 20. Bxg5 Bxg5 21. Qb2 0-0 22. gxh3 Qxh3 23. f3 Be3+ 24. Kh1 f5 25. Qg2 Qxg2+ 26. Kxg2 Bd4 27. Nb5 fxe4 28. Nxd6 e3 29. Ne4 Rf7 30. Kf1 Raf8 31. Ke2 a5 32. d6 g5 33. Ng4 Kg7 34. d7 h5 35. Ngf6 Kg6 36. Ne8 Rxd7 37. Rxd7 Rxe8 38. Rb6+ 1-0

[Event "Titled Tuesday intern op 11th Feb Early"]
[Site "Chess.com INT"]
[Date "2025.02.11"]
[Round "4"]
[White "Tejaswini, G."]
[Black "Kavri, Yusuf Eren"]
[Result "1-0"]
[WhiteElo "2272"]
[BlackElo "2137"]
[PlyCount "69"]
[EventDate "2025.02.11"]
[EventType "swiss (blitz)"]
[EventRounds "11"]
[EventCountry "USA"]
[SourceTitle "CB09_2025"]
[SourceDate "2025.02.27"]
[SourceVersion "1"]
[SourceVersionDate "2025.02.27"]
[SourceQuality "1"]

1. d4 Nf6 2. c4 e6 3. Nc3 Bb4 4. f3 c5 5. d5 b5 6. e4 0-0 7. Bd2 bxc4 8. Bxc4 exd5 9. Nxd5 Bxd2+ 10. Qxd2 Nc6 11. Ne2 Rb8 12. 0-0 Nxd5 13. Bxd5 Ba6 14. Rfd1 Bxe2 15. Qxe2 Nd4 16. Qd2 Kh8 17. Rac1 d6 18. Rc4 a5 19. Ra4 Rb4 20. Rxb4 axb4 21. h3 f5 22. Re1 fxe4 23. fxe4 Qh4 24. Rf1 Rxf1+ 25. Kxf1 Qh5 26. a4 bxa3 27. bxa3 Qe8 28. Kg1 h6 29. Kh1 Qa4 30. Qf4 Kh7 31. Qxd6 Qd1+ 32. Kh2 Qc2 33. Qf8 Ne2 34. Bg8+ Kg6 35. Qf5# 1-0

[Event "Titled Tuesday intern op 04th Feb Early"]
[Site "Chess.com INT"]
[Date "2025.02.04"]
[Round "4"]
[White "Diachek, Andriy"]
[Black "Tejaswini, G."]
[Result "0-1"]
[WhiteElo "2146"]
[BlackElo "2272"]
[PlyCount "94"]
[EventDate "2025.02.04"]
[EventType "swiss (blitz)"]
[EventRounds "11"]
[EventCountry "USA"]
[SourceTitle "CB07_2025"]
[SourceDate "2025.02.12"]
[SourceVersion "1"]
[SourceVersionDate "2025.02.12"]
[SourceQuality "1"]

1. e4 c6 2. Nf3 d5 3. d3 dxe4 4. dxe4 Qxd1+ 5. Kxd1 g6 6. Bd3 Bg7 7. Nbd2 Nd7 8. Nc4 Nc5 9. Ke2 Nxd3 10. cxd3 Be6 11. Be3 Bxc4 12. dxc4 Nf6 13. Nd2 Ng4 14. Rad1 Nxe3 15. Kxe3 0-0-0 16. b3 Rd7 17. Nf3 Rhd8 18. Rxd7 Rxd7 19. g4 c5 20. h4 h6 21. Ne1 Bd4+ 22. Ke2 Rd6 23. Nd3 Ra6 24. a4 Rb6 25. Rb1 Re6 26. f3 Rb6 27. Nf4 e6 28. Nd3 a6 29. f4 Rd6 30. e5 Rc6 31. Kf3 b5 32. axb5 axb5 33. cxb5 Rb6 34. Rc1 Rxb5 35. b4 Kc7 36. Nxc5 Bxc5 37. Rxc5+ Rxc5 38. bxc5 Kc6 39. h5 gxh5 40. gxh5 Kxc5 41. Ke4 Kc4 42. f5 Kc3 43. fxe6 fxe6 44. Ke3 Kc4 45. Ke4 Kc5 46. Kf3 Kd5 47. Kf4 Kd4 0-1

[Event "Titled Tuesday intern op 04th Feb Early"]
[Site "Chess.com INT"]
[Date "2025.02.04"]
[Round "9"]
[White "Murawski, Jan"]
[Black "Tejaswini, G."]
[Result "0-1"]
[WhiteElo "2071"]
[BlackElo "2272"]
[PlyCount "62"]
[EventDate "2025.02.04"]
[EventType "swiss (blitz)"]
[EventRounds "11"]
[EventCountry "USA"]
[SourceTitle "CB07_2025"]
[SourceDate "2025.02.12"]
[SourceVersion "1"]
[SourceVersionDate "2025.02.12"]
[SourceQuality "1"]

1. c4 Nf6 2. Nc3 g6 3. e4 d6 4. d4 Bg7 5. Be2 0-0 6. Bg5 c5 7. d5 h6 8. Be3 e6 9. Qd2 exd5 10. exd5 Kh7 11. h3 Re8 12. Nf3 Ne4 13. Nxe4 Rxe4 14. 0-0 Re8 15. Bd3 Nd7 16. h4 Nf6 17. Qc2 Bg4 18. Nh2 Bd7 19. Rae1 a6 20. Bd2 b5 21. cxb5 axb5 22. Bc3 b4 23. Bxf6 Qxf6 24. h5 Rxe1 25. Rxe1 Rxa2 26. hxg6+ fxg6 27. Nf3 Rxb2 28. Qc1 Bg4 29. Re4 Bxf3 30. gxf3 Qxf3 31. Re3 Qxf2+ 0-1

[Event "Titled Tuesday intern op 04th Feb Early"]
[Site "Chess.com INT"]
[Date "2025.02.04"]
[Round "3"]
[White "Tejaswini, G."]
[Black "Blomqvist, Erik"]
[Result "0-1"]
[WhiteElo "2272"]
[BlackElo "2460"]
[PlyCount "56"]
[EventDate "2025.02.04"]
[EventType "swiss (blitz)"]
[EventRounds "11"]
[EventCountry "USA"]
[SourceTitle "CB07_2025"]
[SourceDate "2025.02.12"]
[SourceVersion "1"]
[SourceVersionDate "2025.02.12"]
[SourceQuality "1"]

1. d4 Nf6 2. c4 e6 3. Nc3 Bb4 4. f3 d5 5. a3 Be7 6. e4 dxc4 7. Bxc4 c5 8. Nge2 0-0 9. Be3 Nc6 10. 0-0 cxd4 11. Nxd4 Bc5 12. Nc2 Qb6 13. Qe2 Bxe3+ 14. Nxe3 Nd4 15. Qf2 Bd7 16. e5 Nh5 17. f4 Bc6 18. Rae1 f6 19. Qh4 g6 20. f5 fxe5 21. fxe6 Rxf1+ 22. Rxf1 Nf5 23. e7+ Kh8 24. Rxf5 gxf5 25. Qxh5 Qxe3+ 26. Kf1 Qc1+ 27. Kf2 Qf4+ 28. Ke2 Qxc4+ 0-1

[Event "Titled Tuesday intern op 04th Feb Early"]
[Site "Chess.com INT"]
[Date "2025.02.04"]
[Round "6"]
[White "Tejaswini, G."]
[Black "Solomon, Kenny"]
[Result "1-0"]
[WhiteElo "2272"]
[BlackElo "2272"]
[PlyCount "83"]
[EventDate "2025.02.04"]
[EventType "swiss (blitz)"]
[EventRounds "11"]
[EventCountry "USA"]
[SourceTitle "CB07_2025"]
[SourceDate "2025.02.12"]
[SourceVersion "1"]
[SourceVersionDate "2025.02.12"]
[SourceQuality "1"]

1. d4 Nf6 2. c4 e6 3. Nc3 Bb4 4. f3 c5 5. d5 b5 6. e4 d6 7. Bd2 Bxc3 8. Bxc3 b4 9. Bd2 0-0 10. Bd3 exd5 11. exd5 Nh5 12. Ne2 Qh4+ 13. g3 Qh3 14. Kf2 Nf6 15. Bg5 Ne8 16. Be7 Nd7 17. Bxf8 Kxf8 18. Nf4 Qh6 19. Re1 Ne5 20. Kg1 g5 21. Ng2 Nf6 22. Be2 Bh3 23. Qd2 Qg6 24. f4 Neg4 25. fxg5 Ne4 26. Qf4 Ne5 27. Nh4 Qxg5 28. Qxe4 Kg8 29. Rf1 Re8 30. Rf4 Bd7 31. Qg2 h6 32. Raf1 Re7 33. Nf3 Nxf3+ 34. Qxf3 Qg7 35. Rf6 Qg5 36. Rxf7 Be8 37. Rxe7 Qxe7 38. Bd3 Kg7 39. Qg4+ Kh8 40. Kg2 Bd7 41. Qh5 Kg7 42. Rf4 1-0

[Event "Titled Tuesday intern op 04th Feb Early"]
[Site "Chess.com INT"]
[Date "2025.02.04"]
[Round "2"]
[White "Tejaswini, G."]
[Black "Vasli, Aref"]
[Result "1-0"]
[WhiteElo "2272"]
[BlackElo "2401"]
[PlyCount "87"]
[EventDate "2025.02.04"]
[EventType "swiss (blitz)"]
[EventRounds "11"]
[EventCountry "USA"]
[SourceTitle "CB07_2025"]
[SourceDate "2025.02.12"]
[SourceVersion "1"]
[SourceVersionDate "2025.02.12"]
[SourceQuality "1"]

1. d4 Nf6 2. c4 e6 3. Nc3 Bb4 4. f3 d5 5. a3 Bxc3+ 6. bxc3 0-0 7. cxd5 exd5 8. e3 b6 9. Bd3 Ba6 10. Bxa6 Nxa6 11. Qd3 Qc8 12. Ne2 c5 13. 0-0 Re8 14. Ng3 Nc7 15. e4 cxd4 16. cxd4 dxe4 17. fxe4 Qe6 18. e5 Nfd5 19. Ne4 Qg6 20. Qf3 Rad8 21. Nd6 Rf8 22. Qe2 Ne6 23. Bb2 h6 24. Rac1 Ndf4 25. Qd2 Nd3 26. Nf5 Qxf5 27. Rxf5 Nxc1 28. Qxc1 Nxd4 29. Bxd4 Rxd4 30. h3 Rd7 31. Qc6 Re7 32. Qd6 Re6 33. Qc7 a6 34. Kh2 b5 35. Qb7 Rg6 36. h4 Re6 37. h5 f6 38. Qd5 Kf7 39. exf6 gxf6 40. Qd7+ Re7 41. Qd2 Kg7 42. Rf3 Re5 43. Rg3+ Kh7 44. Qd7+ 1-0

[Event "Titled Tuesday intern op 28th Jan Early"]
[Site "Chess.com INT"]
[Date "2025.01.28"]
[Round "5"]
[White "Sakhayi, Mostafa"]
[Black "Tejaswini, G."]
[Result "1-0"]
[WhiteElo "2166"]
[BlackElo "2260"]
[PlyCount "93"]
[EventDate "2025.01.28"]
[EventType "swiss (blitz)"]
[EventRounds "11"]
[EventCountry "USA"]
[SourceTitle "CB06_2025"]
[SourceDate "2025.02.05"]
[SourceVersion "1"]
[SourceVersionDate "2025.02.05"]
[SourceQuality "1"]

1. d4 Nf6 2. c4 g6 3. Nc3 d5 4. cxd5 Nxd5 5. e4 Nxc3 6. bxc3 Bg7 7. Nf3 c5 8. Be3 Nc6 9. Rc1 Qa5 10. d5 Ne5 11. Nxe5 Bxe5 12. Qd2 0-0 13. f4 Bg7 14. Be2 Rd8 15. c4 Qxd2+ 16. Kxd2 b6 17. Bf3 Bb7 18. Ke2 e6 19. Rhd1 exd5 20. cxd5 Rd7 21. g4 Rad8 22. g5 c4 23. Bd4 Bxd4 24. Rxd4 b5 25. Ke3 Rd6 26. e5 Ra6 27. Rd2 Ra3+ 28. Kf2 c3 29. Rd4 Rxa2+ 30. Kg3 Rd2 31. Rxd2 cxd2 32. Rd1 b4 33. Rxd2 a5 34. Ra2 a4 35. Rxa4 Bxd5 36. Bxd5 Rxd5 37. Rxb4 Rd3+ 38. Kg4 Rd2 39. h3 Rg2+ 40. Kf3 Rh2 41. Kg3 Rc2 42. Rb8+ Kg7 43. Rb7 Re2 44. h4 Re1 45. Kf3 Rf1+ 46. Ke3 Re1+ 47. Kf2 1-0

[Event "Sant Boi de Llobregat op 5th"]
[Site "Sant Boi de Llobregat"]
[Date "2024.12.04"]
[Round "6"]
[White "Shamatava, Nikolozi"]
[Black "Tejaswini, G."]
[Result "1/2-1/2"]
[WhiteElo "2376"]
[BlackElo "2211"]
[PlyCount "93"]
[EventDate "2024.11.29"]
[EventType "swiss"]
[EventRounds "10"]
[EventCountry "ESP"]
[SourceTitle "CB50_2024"]
[SourceDate "2024.11.01"]
[SourceVersion "1"]
[SourceVersionDate "2024.11.01"]
[SourceQuality "2"]

1. e4 c5 2. Nf3 d6 3. d4 cxd4 4. Nxd4 Nf6 5. Nc3 a6 6. a3 e5 7. Nf5 d5 8. Bg5 d4 9. Bxf6 gxf6 10. Na2 Bxf5 11. exf5 Qd5 12. Be2 e4 13. 0-0 Nc6 14. Nc3 Qe5 15. f4 Qe7 16. Nd5 Qd6 17. Bc4 0-0-0 18. Qh5 Kb8 19. Qxf7 Be7 20. b4 Rdf8 21. Qh5 Bd8 22. Rfe1 Ne7 23. Nxe7 Qxe7 24. Be6 e3 25. Rad1 Qc7 26. b5 a5 27. Qf3 Qxc2 28. Rc1 Qb2 29. Rb1 Qxa3 30. b6 Qd6 31. Bd5 Bxb6 32. Bxb7 Ka7 33. Be4 d3 34. Kh1 Rb8 35. Rb5 d2 36. Rd1 Rhc8 37. Rd5 Qe7 38. Bd3 Rd8 39. Be2 Rxd5 40. Qxd5 Rd8 41. Qb5 Qb4 42. Qa6+ Kb8 43. Bf3 Bd4 44. Qa8+ Kc7 45. Qc6+ Kb8 46. Qa8+ Kc7 47. Qc6+ 1/2-1/2

[Event "Sant Boi de Llobregat op 5th"]
[Site "Sant Boi de Llobregat"]
[Date "2024.12.02"]
[Round "4"]
[White "Valenzuela Gomez, Fernando Alberto"]
[Black "Tejaswini, G."]
[Result "0-1"]
[WhiteElo "2335"]
[BlackElo "2211"]
[PlyCount "110"]
[EventDate "2024.11.29"]
[EventType "swiss"]
[EventRounds "10"]
[EventCountry "ESP"]
[SourceTitle "CB50_2024"]
[SourceDate "2024.11.01"]
[SourceVersion "1"]
[SourceVersionDate "2024.11.01"]
[SourceQuality "2"]

1. d4 Nf6 2. c4 g6 3. Nc3 Bg7 4. e4 d6 5. Nf3 0-0 6. Be2 e5 7. d5 a5 8. h3 Na6 9. Bg5 h6 10. Be3 Nd7 11. g4 Ndc5 12. Rg1 Kh7 13. Qd2 Qe7 14. g5 h5 15. Rg3 Bd7 16. Nh4 Rh8 17. 0-0-0 Kg8 18. Kb1 Qe8 19. Rdg1 a4 20. Bd1 b6 21. Qe2 Nb7 22. Bc1 Nac5 23. b4 axb3 24. axb3 Na5 25. Nb5 Na6 26. Ba3 Nb7 27. Kb2 Bf8 28. Bc2 c5 29. dxc6 Bxc6 30. Nc3 Nc7 31. Nd5 Bxd5 32. exd5 e4 33. Bb4 Bg7+ 34. Bc3 Bxc3+ 35. Rxc3 Nc5 36. f4 b5 37. Ra1 Rxa1 38. Kxa1 Qa8+ 39. Kb1 Qa5 40. Rg3 Kh7 41. Qe3 Ra8 42. Qc3 Qxc3 43. Rxc3 bxc4 44. bxc4 N7a6 45. Re3 Rb8+ 46. Kc1 Rb4 47. Rc3 Nd3+ 48. Kd2 Nac5 49. Ke3 Rb2 50. f5 Ra2 51. fxg6+ fxg6 52. Kd4 Ra1 53. Ng2 Rg1 54. Ne3 Nf4 55. Bd1 Nxh3 0-1

[Event "Sant Boi de Llobregat op 5th"]
[Site "Sant Boi de Llobregat"]
[Date "2024.11.30"]
[Round "2"]
[White "Sorensen, Hampus"]
[Black "Tejaswini, G."]
[Result "1-0"]
[WhiteElo "2419"]
[BlackElo "2211"]
[PlyCount "109"]
[EventDate "2024.11.29"]
[EventType "swiss"]
[EventRounds "10"]
[EventCountry "ESP"]
[SourceTitle "CB50_2024"]
[SourceDate "2024.11.01"]
[SourceVersion "1"]
[SourceVersionDate "2024.11.01"]
[SourceQuality "2"]

1. d4 Nf6 2. c4 g6 3. Nc3 Bg7 4. e4 d6 5. Bd3 0-0 6. Nge2 c5 7. d5 e6 8. 0-0 exd5 9. cxd5 Re8 10. Ng3 Nbd7 11. Kh1 a6 12. a4 Qc7 13. f4 c4 14. Bc2 Nc5 15. e5 dxe5 16. fxe5 Qxe5 17. Bf4 Qe7 18. Qf3 Qf8 19. h3 b6 20. Bc7 Bb7 21. Bxb6 Ncd7 22. Bd4 Ne5 23. Qf2 Rac8 24. Nge4 Nxe4 25. Nxe4 Bxd5 26. Bc5 Rxc5 27. Qxc5 Qxc5 28. Nxc5 Nc6 29. Rad1 Bd4 30. Rf4 Re2 31. Be4 Bxe4 32. Rxe4 Rxe4 33. Nxe4 Bxb2 34. Rb1 Bd4 35. Rb7 f5 36. Nd2 c3 37. Nb3 Be5 38. Rb6 Nd4 39. Nxd4 Bxd4 40. Rxa6 Kf7 41. Rc6 Ke7 42. a5 Kd7 43. Rc4 Ba7 44. Rxc3 h5 45. Rg3 h4 46. Rxg6 Kc7 47. Rf6 Kb7 48. a6+ Kb8 49. Rxf5 Be3 50. Rf3 Bg5 51. Kg1 Ka7 52. Ra3 Bf4 53. Kf2 Bd6 54. Ra4 Bg3+ 55. Kf3 1-0

[Event "Asia-ch U18 Girls"]
[Site "Tagaytay City"]
[Date "2024.10.16"]
[Round "6"]
[White "Tejaswini, G."]
[Black "Shukhman, Anna"]
[Result "1-0"]
[WhiteElo "2207"]
[BlackElo "2163"]
[PlyCount "43"]
[EventDate "2024.10.13"]
[EventType "swiss"]
[EventRounds "9"]
[EventCountry "PHI"]
[SourceTitle "CB43_2024"]
[Source "Chessbase"]
[SourceDate "2024.10.23"]
[SourceVersion "1"]
[SourceVersionDate "2024.10.23"]
[SourceQuality "1"]

1. d4 Nf6 2. c4 e6 3. Nc3 Bb4 4. e3 0-0 5. Bd3 d5 6. a3 Bxc3+ 7. bxc3 dxc4 8. Bxc4 c5 9. Ne2 Nc6 10. f4 b6 11. Bd3 Bb7 12. 0-0 Ne7 13. Ng3 cxd4 14. cxd4 Qd5 15. Rf2 h5 16. e4 Qd8 17. d5 exd5 18. e5 Ne4 19. Qxh5 g6 20. Qh6 Nxf2 21. Nh5 Nf5 22. Bxf5 1-0

[Event "Asia-ch U18 Girls"]
[Site "Tagaytay City"]
[Date "2024.10.15"]
[Round "4"]
[White "Tejaswini, G."]
[Black "Luong, Hoang Tu Linh"]
[Result "1-0"]
[WhiteElo "2207"]
[BlackElo "1907"]
[PlyCount "81"]
[EventDate "2024.10.13"]
[EventType "swiss"]
[EventRounds "9"]
[EventCountry "PHI"]
[SourceTitle "CB43_2024"]
[Source "Chessbase"]
[SourceDate "2024.10.23"]
[SourceVersion "1"]
[SourceVersionDate "2024.10.23"]
[SourceQuality "1"]

1. d4 Nf6 2. c4 e6 3. Nc3 Bb4 4. e3 Bxc3+ 5. bxc3 b6 6. Bd3 Bb7 7. f3 d6 8. Ne2 Qd7 9. e4 Nc6 10. Ba3 Ba6 11. Bb4 e5 12. d5 Ne7 13. c5 Bxd3 14. c6 Qd8 15. Qxd3 Ng6 16. a4 a5 17. Ba3 Nh5 18. g3 Qc8 19. h4 Ne7 20. Bc1 f5 21. exf5 Nf6 22. c4 Qxf5 23. Qxf5 Nxf5 24. g4 Ne7 25. Ng3 0-0 26. 0-0 h6 27. Ra2 Kh7 28. Re2 Rae8 29. Kg2 Ng6 30. h5 Nh8 31. Kh3 Nf7 32. Kh4 g6 33. Ne4 Kg7 34. hxg6 Kxg6 35. Nxf6 Kxf6 36. f4 Kg6 37. Rfe1 Rc8 38. Bb2 Kh7 39. fxe5 Ng5 40. exd6 Nf3+ 41. Kh5 1-0